El reconocimiento mutuo en el derecho Espaǫl y Europeo

Detalles Bibliográficos
Autor principal: Nieto Martn̕, Adǹ
Otros Autores: Arroyo Jimňez, Luis
Formato: eBook
Lenguaje:español
Publicado: Madrid: Marcial Pons, 2018
Materias:
Acceso en línea:Acceso restringido

MARC

LEADER 00000nam a22000007a 4500
005 2021122204194.0
007 cr|||| ||||
008 211222s2018 eu |||||s|||| 00||0 spa d
020 |a 978-84-9123-972-7 
035 |a 33661 
040 |a vLex 
090 |c 12771  |d 12771 
100 1 |a Nieto Martn̕, Adǹ 
245 1 2 |a El reconocimiento mutuo en el derecho Espaǫl y Europeo  |h [Recurso electrn̤ico] /  |c Adǹ Nieto Martn̕, Luis Arroyo Jimňez 
256 |a Servicio en ln̕ea 
260 |a Madrid:  |b Marcial Pons,  |c 2018 
300 |a 1 recurso electrn̤ico 
500 |a Para el jurista europeo el reconocimiento mutuo es ya un viejo conocido. Pero, tal y como suele suceder con estos, a la hora de la verdad su comportamiento no deja de sorprendernos. Podemos estar seguros de que opera como una tčnica de regulacin̤ que obliga a las autoridades de un sistema a reconocer los efectos jurd̕icos de normas y actos procedentes de otro. Pero no de mucho ms̀. La razn̤ es que este instrumento se proyecta sobre un conjunto muy numeroso de actividades y sectores de actuacin̤, as ̕como sobre normas y actos tremendamente heterogňeos. El reconocimiento mutuo tiene su origen en la jurisprudencia europea sobre la libre circulacin̤ de mercanca̕s, desde la que se termin ̤extendiendo a otras r̀eas del mercado interior europeo, como la prestacin̤ de servicios o la circulacin̤ de personas y capitales. Ms̀ adelante la tčnica fue trasplantada al espacio de libertad, seguridad y justicia, donde se aplica, entre otros, en los m̀bitos del Derecho penal, el Derecho procesal o el asilo. Los estudios contenidos en este volumen tienen por objeto el anl̀isis del reconocimiento mutuo en dos m̀bitos materiales diferentes como son los relativos al mercado interior, de un lado, y al espacio de libertad, seguridad y justicia, de otro. Aun dentro de cada uno de ellos, la obra procura dar cuenta de los diversos sectores, tanto de la realidad como del propio ordenamiento jurd̕ico, en los que aquellos se concretan. El resultado es un completo anl̀isis de una tčnica de regulacin̤ que responde a fundamentos comunes pero que puede presentar caras muy diversas, tanto en relacin̤ con su articulacin̤ tčnica como en lo que ataę a los problemas constitucionales que suscita. 
506 1 |a Disponible solo en los productos indicados  |d vLex Global  |d vLex Global (Academic Edition, excluding Law Schools)  |d vLex Global (U.S. Academic Edition, Law Schools)  |d vLex Global (U.S. Academic Edition, excluding Law Schools)  |d vLex Global (Academic Edition, Law Schools) 
650 0 4 |a Derecho Pb︢lico y Administrativo  |z Unin̤ Europea 
650 0 4 |a Derecho Comunitario  |z Unin̤ Europea 
700 1 |a Arroyo Jimňez, Luis 
740 0 |a vLex Libros (Servicio en ln̕ea) 
856 4 0 |u https://app.vlex.com/#/sources/33661  |z Acceso restringido 
942 |c BOOK 
999 0 |a Public and Administrative Law 
999 0 |a Community Law